<?xml version="1.0" encoding="UTF-8"?>
<record
    xmlns:xsi="http://www.w3.org/2001/XMLSchema-instance"
    xsi:schemaLocation="http://www.loc.gov/MARC21/slim http://www.loc.gov/standards/marcxml/schema/MARC21slim.xsd"
    xmlns="http://www.loc.gov/MARC21/slim">

  <leader>01528    a2200241   4500</leader>
  <controlfield tag="003">NUST</controlfield>
  <controlfield tag="005">20221123172647.0</controlfield>
  <datafield tag="010" ind1=" " ind2=" ">
    <subfield code="a">   88026657</subfield>
  </datafield>
  <datafield tag="020" ind1=" " ind2=" ">
    <subfield code="a">0070602344</subfield>
  </datafield>
  <datafield tag="040" ind1=" " ind2=" ">
    <subfield code="c">Nust</subfield>
  </datafield>
  <datafield tag="082" ind1="0" ind2="0">
    <subfield code="a">519.5,SPI</subfield>
  </datafield>
  <datafield tag="100" ind1="1" ind2=" ">
    <subfield code="a">Spiegel, Murray R.</subfield>
  </datafield>
  <datafield tag="245" ind1="1" ind2="0">
    <subfield code="a">Schaum's outline   statistics /</subfield>
    <subfield code="c">Murray R. Spiegel. and Larry J Stephens</subfield>
  </datafield>
  <datafield tag="250" ind1=" " ind2=" ">
    <subfield code="a">3rd ed.</subfield>
  </datafield>
  <datafield tag="260" ind1=" " ind2=" ">
    <subfield code="a"> Islamabad :</subfield>
    <subfield code="b"> National Book Foundation</subfield>
    <subfield code="c">c1988.</subfield>
  </datafield>
  <datafield tag="300" ind1=" " ind2=" ">
    <subfield code="a">537 p. :</subfield>
    <subfield code="b">ill. ;</subfield>
    <subfield code="c">28 cm.</subfield>
  </datafield>
  <datafield tag="440" ind1=" " ind2="0">
    <subfield code="a">Schaum's outline series.</subfield>
    <subfield code="9">8664</subfield>
  </datafield>
  <datafield tag="505" ind1=" " ind2=" ">
    <subfield code="a">Variables and Graphs (Page-1), Frequency Distributions (Page-36), The Mean Median, Mode and Other Measures of Central Tendency (Page-58), The Standard Devotion and Other Measures of Dispersion (Page-89), Moments, Skewness and Kurtosis (Page-114), Elementary Probability Theory (Page-127), The Binomial , Normal and Poisson Distributions (Page-155), Elementary Sampling Theory (Page-181), Statistical Estimation Theory (Page-201), Statistical Decision Theory (Page-216), Small Sampling Theory (Page-242), The Chi-Square Test (Page-261), Curve Fitting and The Method of Least Squares (Page-281), Correlation Theory (Page-311), Multiple and Partial Correlation(Page-345), Analysis of Variance (Page-362), Nonparametric Test (Page-402), Analysis of Time Series (Page-434), Statistical Process Control and Process Capability (Page-470).</subfield>
  </datafield>
  <datafield tag="650" ind1=" " ind2="0">
    <subfield code="a">Statistics</subfield>
    <subfield code="x">Problems, exercises, etc.</subfield>
    <subfield code="9">88327</subfield>
  </datafield>
  <datafield tag="740" ind1="0" ind2=" ">
    <subfield code="a">Statistics.</subfield>
  </datafield>
  <datafield tag="740" ind1="0" ind2=" ">
    <subfield code="a">Theory and problems of statistics.</subfield>
  </datafield>
  <datafield tag="942" ind1=" " ind2=" ">
    <subfield code="2">ddc</subfield>
    <subfield code="c">BK</subfield>
    <subfield code="k">519.5,SPI</subfield>
  </datafield>
  <datafield tag="999" ind1=" " ind2=" ">
    <subfield code="c">179347</subfield>
    <subfield code="d">179347</subfield>
  </datafield>
  <datafield tag="952" ind1=" " ind2=" ">
    <subfield code="0">0</subfield>
    <subfield code="1">0</subfield>
    <subfield code="2">ddc</subfield>
    <subfield code="4">0</subfield>
    <subfield code="7">0</subfield>
    <subfield code="a">MCS</subfield>
    <subfield code="b">MCS</subfield>
    <subfield code="c">GEN</subfield>
    <subfield code="d">2016-12-12</subfield>
    <subfield code="o">310,SPI</subfield>
    <subfield code="p">MCS33292</subfield>
    <subfield code="r">2016-12-08</subfield>
    <subfield code="w">2016-12-12</subfield>
    <subfield code="y">BK</subfield>
    <subfield code="z">Almirah No.81, Shelf No.5</subfield>
  </datafield>
  <datafield tag="952" ind1=" " ind2=" ">
    <subfield code="0">0</subfield>
    <subfield code="1">0</subfield>
    <subfield code="2">ddc</subfield>
    <subfield code="4">0</subfield>
    <subfield code="7">0</subfield>
    <subfield code="8">NFIC</subfield>
    <subfield code="a">MCS</subfield>
    <subfield code="b">MCS</subfield>
    <subfield code="d">2016-12-12</subfield>
    <subfield code="l">0</subfield>
    <subfield code="o">310  SPI</subfield>
    <subfield code="p">MCS33293</subfield>
    <subfield code="r">2016-12-08</subfield>
    <subfield code="w">2016-12-12</subfield>
    <subfield code="y">BK</subfield>
  </datafield>
  <datafield tag="952" ind1=" " ind2=" ">
    <subfield code="0">0</subfield>
    <subfield code="1">0</subfield>
    <subfield code="2">ddc</subfield>
    <subfield code="4">0</subfield>
    <subfield code="7">0</subfield>
    <subfield code="a">MCS</subfield>
    <subfield code="b">MCS</subfield>
    <subfield code="c">GEN</subfield>
    <subfield code="d">2016-12-12</subfield>
    <subfield code="l">1</subfield>
    <subfield code="o">519.5,SPI</subfield>
    <subfield code="p">MCS36323</subfield>
    <subfield code="r">2023-02-22</subfield>
    <subfield code="s">2023-02-21</subfield>
    <subfield code="w">2016-12-12</subfield>
    <subfield code="y">BK</subfield>
    <subfield code="z">Almirah No.14, Shelf No.5</subfield>
  </datafield>
  <datafield tag="952" ind1=" " ind2=" ">
    <subfield code="0">0</subfield>
    <subfield code="1">0</subfield>
    <subfield code="2">ddc</subfield>
    <subfield code="4">0</subfield>
    <subfield code="7">0</subfield>
    <subfield code="a">MCS</subfield>
    <subfield code="b">MCS</subfield>
    <subfield code="c">GEN</subfield>
    <subfield code="d">2022-11-23</subfield>
    <subfield code="l">0</subfield>
    <subfield code="o">519.5,SPI</subfield>
    <subfield code="p">MCS18468</subfield>
    <subfield code="r">2022-11-23</subfield>
    <subfield code="w">2022-11-23</subfield>
    <subfield code="y">BK</subfield>
    <subfield code="z">Almirah No.14, Shelf No.5</subfield>
  </datafield>
  <datafield tag="952" ind1=" " ind2=" ">
    <subfield code="0">0</subfield>
    <subfield code="1">0</subfield>
    <subfield code="2">ddc</subfield>
    <subfield code="4">0</subfield>
    <subfield code="7">0</subfield>
    <subfield code="a">MCS</subfield>
    <subfield code="b">MCS</subfield>
    <subfield code="c">GEN</subfield>
    <subfield code="d">2022-11-23</subfield>
    <subfield code="l">0</subfield>
    <subfield code="o">519.5,SPI</subfield>
    <subfield code="p">MCS28130</subfield>
    <subfield code="r">2022-11-23</subfield>
    <subfield code="w">2022-11-23</subfield>
    <subfield code="y">BK</subfield>
    <subfield code="z">Almirah No.14, Shelf No.5</subfield>
  </datafield>
  <datafield tag="952" ind1=" " ind2=" ">
    <subfield code="0">0</subfield>
    <subfield code="1">0</subfield>
    <subfield code="2">ddc</subfield>
    <subfield code="4">0</subfield>
    <subfield code="7">0</subfield>
    <subfield code="a">MCS</subfield>
    <subfield code="b">MCS</subfield>
    <subfield code="c">GEN</subfield>
    <subfield code="d">2022-11-23</subfield>
    <subfield code="l">0</subfield>
    <subfield code="o">519.5,SPI</subfield>
    <subfield code="p">MCS34547</subfield>
    <subfield code="r">2022-11-23</subfield>
    <subfield code="w">2022-11-23</subfield>
    <subfield code="y">BK</subfield>
    <subfield code="z">Almirah No.14, Shelf No.5</subfield>
  </datafield>
</record>
